| 000 | 00561cam a2200145 4500500 | ||
|---|---|---|---|
| 005 | 20260111093457.0 | ||
| 041 | _afre | ||
| 042 | _adc | ||
| 100 | 1 | 0 |
_aMiossec, Alain _eauthor |
| 245 | 0 | 0 | _aLa mosaïque de l’Islam. Entretien sur le Coran et le djihadisme avec Perry Anderson, Fayard, Poids et mesures du monde, 2016, 179 p., 18 € |
| 260 | _c2016. | ||
| 500 | _a23 | ||
| 786 | 0 | _nLa Géographie | 1563 | 4 | 2016-10-01 | p. 53j-59j | 1964-9002 | |
| 856 | 4 | 1 | _uhttps://shs.cairn.info/revue-la-geographie-2016-4-page-53j?lang=fr&redirect-ssocas=7080 |
| 999 |
_c1626443 _d1626443 |
||